Grooming: cuando el juego virtual se convierte en un peligro real (Registro nro. 13414)

Detalles MARC
000 -Cabecera
Campo de control de longitud fija 00920nam a22003617a 4500
005 - Fecha y hora de la última transacción
Campo de control 20260317165817.0
008 - Elementos de longitud fija--Información general
Campo de control de longitud fija 221130b2021 xxu||||| |||| 00| 0 spa d
020 ## - International Standard Book Number
Número Internacional Estándar del Libro (ISBN) 9789587913583
041 ## - Idioma
Código de idioma Español
082 ## - Clasificación Decimal Dewey
Número de clasificación 364.155.54 V422g
100 ## - Entrada principal--Autor personal
Nombre personal Vegas Roche, José Luis
245 ## - Título propiamente dicho
Título Grooming: cuando el juego virtual se convierte en un peligro real
260 ## - Pie de imprenta
Lugar de publicación, distribución, etc. Colombia
260 ## - Pie de imprenta
Nombre del editor, distribuidor, etc. Grupo Editorial Ibáñez
260 ## - Pie de imprenta
Fecha de publicación, distribución, etc. 2021
300 ## - Descripción física
Extensión 272 páginas
490 ## - Serie
Título de la Serie Investigación Criminal
650 ## - Materia general
Temática (materia general) ABUSO INFANTIL
650 ## - Materia general
Temática (materia general) GROOMING
650 ## - Materia general
Temática (materia general) ABUSO SEXUAL DE MENORES
650 ## - Materia general
Temática (materia general) CIBERACOSO
650 ## - Materia general
Temática (materia general) GROOMER
650 ## - Materia general
Temática (materia general) VÍCTIMAS
650 ## - Materia general
Temática (materia general) PERFIL FALSO
650 ## - Materia general
Temática (materia general) ESTADÍSTICAS
650 ## - Materia general
Temática (materia general) REDES SOCIALES
650 ## - Materia general
Temática (materia general) SEXTING
650 ## - Materia general
Temática (materia general) CIBERBULLYING
650 ## - Materia general
Temática (materia general) SEXTORSION
650 ## - Materia general
Temática (materia general) SHARENTING
650 ## - Materia general
Temática (materia general) EDUCACIÓN
942 ## - Punto de acceso adicional KOHA
Tipo de ítem KOHA Libro
Fuente del sistema de clasificación o colocación Dewey Decimal Classification
Existencias
Signatura completa Código de barras Programa Académico Tipo de ítem
364.155.54 V422g 25506 Investigación Criminal Libro